000 00285 a2200109 4500
245 _aHouse of cards
_hprint
650 _aEnglish Novel
005 20191021095124.0
260 _anyu
_bRandom House
_c[1967]
084 _aPZ3.E4558 Ho
300 _a336 p. 22cm.
_b336 p. 22cm.
_c336 p. 22cm.
999 _c11844
_d11844